000 00535nam a2200193Ia 4500
003 OSt
005 20220926041215.0
006 a|||||r|||| 00| 0
007 ta
008 220923b |||||||| |||| 00| 0 eng d
037 _cGeneral Book
040 _aRTL
_cRTL
_beng
041 _2eng
_aeng
082 _aYp1:N36, J7/Y1
100 _aDugdale J E Ed.
_9344638
245 0 _aSocial sciences
_b Their relations in theory and in
942 _hYp1:N36, J7/Y1
_cGB
_2CC
999 _c666620
_d666620